[Event "Hannover-ch op"]
[Site "Isernhagen"]
[Date "2001.10.02"]
[Round "5"]
[White "Lieberum, Bodo"]
[Black "Kelm, Detlef"]
[Result "1-0"]
[WhiteElo "1294"]
[BlackElo "1167"]
[PlyCount "35"]
[EventDate "2001.09.29"]
[EventType "swiss"]
[EventRounds "7"]
[EventCountry "GER"]
[SourceTitle "EXT 2021"]
[Source "ChessBase"]
[SourceDate "2020.10.23"]
[SourceVersion "1"]
[SourceVersionDate "2020.10.23"]
[SourceQuality "1"]

1. e4 e5 2. Bc4 Bc5 3. Nc3 Qf6 4. Nf3 d6 5. Nd5 Qd8 6. h3 Nf6 7. d3 Bd7 8. Bg5 Nc6 9. c3 a6 10. a3 h6 11. Bxf6 gxf6 12. Nh4 b5 13. Ba2 Ne7 14. Qh5 Be6 15. Nf5 Nxf5 16. exf5 Bxd5 17. Bxd5 Ke7 18. Qxf7# 1-0

[Event "Hannover-ch op"]
[Site "Isernhagen"]
[Date "2001.09.30"]
[Round "3"]
[White "Quasigroch, Peter"]
[Black "Kelm, Detlef"]
[Result "1-0"]
[WhiteElo "1614"]
[BlackElo "1167"]
[PlyCount "105"]
[EventDate "2001.09.29"]
[EventType "swiss"]
[EventRounds "7"]
[EventCountry "GER"]
[SourceTitle "EXT 2021"]
[Source "ChessBase"]
[SourceDate "2020.10.23"]
[SourceVersion "1"]
[SourceVersionDate "2020.10.23"]
[SourceQuality "1"]

1. c4 c5 2. Nc3 Nc6 3. g3 g6 4. Bg2 Bg7 5. Nf3 Nf6 6. 0-0 0-0 7. d3 d6 8. Bd2 Bd7 9. Qc1 Qc8 10. Bh6 Bh3 11. Bxg7 Bxg2 12. Bxf8 Bxf1 13. Qh6 Qxf8 14. Qxf8+ Rxf8 15. Kxf1 a6 16. a3 h6 17. Rb1 Ng4 18. b4 Nge5 19. Nxe5 Nxe5 20. bxc5 Rb8 21. cxd6 exd6 22. Rb6 Ng4 23. h3 Ne5 24. Ne4 f5 25. Nxd6 Nd7 26. Rxb7 Rxb7 27. Nxb7 Kf7 28. c5 Ke6 29. c6 Nb6 30. Nc5+ Kd6 31. Nxa6 Kxc6 32. Nb4+ Kc5 33. e3 h5 34. f3 Kb5 35. g4 Ka4 36. gxh5 gxh5 37. Nc6 Kxa3 38. Ne7 Kb3 39. Nxf5 Kc3 40. Ke2 Kc2 41. Ng3 h4 42. Nf5 Na4 43. Nd4+ Kc1 44. f4 Nc5 45. f5 Kb2 46. f6 Kc3 47. f7 Nd7 48. Ne6 Nc5 49. f8Q Nxd3 50. Qa3+ Kc2 51. Qxd3+ Kb2 52. Kd2 Ka2 53. Kc2 1-0